000 01764nam0a2200325 4500
001 RU\NLR\BIBL_A\022572945
005 20260420050027.0
010 _a978-5-00078-889-9
_9500
021 _aRU
_bКН-П-25-025537
_9КН-П-25-2543
035 _a(NLR Aleph) 022572945
090 _a13675931
_c13675931
100 _a20250625d2025 k y0rusy50 ca
101 0 _arus
102 _aRU
105 _ay z 000yd
181 0 _ai
_baxxe
182 0 _an
200 1 _aСмысл социального в философии индивидуации Жильбера Симондона
_eмонография
_fВ. О. Саяпин
_gМинистерство науки и высшего образования Российской Федерации, Федеральное государственное бюджетное образовательное учреждение высшего образования "Тамбовский государственный университет имени Г. Р. Державина"
203 _aТекст
_bвизуальный
_cнепосредственный
210 _aТамбов
_cДержавинский
_d2025
215 _a358, [1] с.
_d21
320 _aБиблиогр.: с. 353–359 (118 назв.) и в подстроч. примеч.
600 1 _aСимондо
_bЖ.
_f1924 - 1989
_gЖильбер
_xФилософские взгляды
_92372347
_3RU\NLR\AUTH\661415963
686 1 _aЮ3(4Фр)6-63
700 1 _aСаяпин
_bВ. О.
_gВладислав Олегович
702 1 _aСимондон
_bЖ.
_f1924-1989
_gЖильбер
_4280
942 _cBOOK
980 _aNB